000 00306nam a22001337a 4500
020 _aNA
082 _222
_a629.89
100 _aSpasar Peter.
245 _aMicro Controller Technology /
250 _a2nd
260 _aPentice hall,
_bPentice hall,
_cc1996
300 _a722 p,;
_bNA
_c24cm.
942 _2ddc
_cEE
999 _c2526
_d2526